Normal view
MARC view
- الامر بالمعروف- النهي عن المنكر
Entry Topical Term
001 - CONTROL NUMBER
- control field: 10177
003 - CONTROL NUMBER IDENTIFIER
- control field: JO-AjAnu
005 - DATE AND TIME OF LATEST TRANSACTION
- control field: 20230606071932.0
008 - FIXED-LENGTH DATA ELEMENTS
- fixed length control field: 230606|| aca||aabn | a|a d
040 ## - CATALOGING SOURCE
- Original cataloging agency: JO-AjAnu
- Transcribing agency: JO-AjAnu
150 ## - HEADING--TOPICAL TERM
- Topical term or geographic name entry element: الامر بالمعروف- النهي عن المنكر
670 ## - SOURCE DATA FOUND
- Source citation: Work cat.: (JO-AjAnu)5242: الخلال، أبي بكر أحمد بن محمد بن هارون ، تحقيق ودراسة: عبد القادر أحمد عطا, author 10176, الأمر بالمعروف والنهي عن المنكر